[Event "Amagermesterskabet Gruppe 2 2016"]
[Site "Sundbyoster"]
[Date "2016.08.16"]
[Round "1"]
[White "May, Samuel Peter Heine"]
[Black "Nielsen, Angelo"]
[Result "1/2-1/2"]
[WhiteElo "1759"]
[BlackElo "1701"]
[PlyCount "35"]
[EventDate "2016.??.??"]

1. d4 Nf6 2. Nf3 d6 3. e3 g6 4. Be2 Bg7 5. O-O O-O 6. c4 c5 7. Nc3 Nc6 8. Qc2
Bf5 9. e4 Bg4 10. d5 Bxf3 11. Bxf3 Nd4 12. Qd1 Nxf3+ 13. Qxf3 Qd7 14. Re1 Ng4
15. h3 Ne5 16. Qe2 f6 17. Bd2 g5 18. f4 1/2-1/2

[Event "Amagermesterskabet Gruppe 2 2016"]
[Site "Sundbyoster"]
[Date "2016.08.16"]
[Round "1"]
[White "Savery, Emil"]
[Black "Lontoft, Sven"]
[Result "0-1"]
[WhiteElo "1700"]
[BlackElo "1724"]
[PlyCount "60"]
[EventDate "2016.??.??"]

1. e4 d5 2. exd5 Qxd5 3. Nc3 Qa5 4. d4 c6 5. Bc4 Bf5 6. Nf3 Nf6 7. Bf4 e6 8. a3
Nd5 9. Bd2 Qc7 10. Nh4 Nxc3 11. Bxc3 Be4 12. f3 Bd5 13. Bxd5 cxd5 14. g4 Be7
15. Ng2 Bd6 16. Qd2 b5 17. b3 Nc6 18. h4 Rc8 19. O-O-O Bxa3+ 20. Kb1 a5 21. f4
Nb4 22. Bxb4 Bxb4 23. Qd3 Qb6 24. g5 Rc3 25. Qe2 a4 26. h5 axb3 27. Kb2 Rxc2+
28. Qxc2 bxc2 29. Ra1 Qxd4+ 30. Kxc2 Qd2+ 0-1

[Event "Amagermesterskabet Gruppe 2 2016"]
[Site "Sundbyoster"]
[Date "2016.08.30"]
[Round "2"]
[White "Bayhan, Erkan"]
[Black "Savery, Emil"]
[Result "1-0"]
[WhiteElo "1810"]
[BlackElo "1700"]
[PlyCount "55"]
[EventDate "2016.??.??"]

1. d4 Nf6 2. Nf3 d5 3. c4 e6 4. Nc3 c5 5. Bg5 cxd4 6. Nxd4 e5 7. Bxf6 gxf6 8.
Nc2 d4 9. Nd5 Be6 10. e4 Nc6 11. a3 f5 12. Bd3 fxe4 13. Bxe4 f5 14. Qh5+ Bf7
15. Qxf5 Bxd5 16. Bxd5 Qe7 17. O-O Kd8 18. Bxc6 bxc6 19. Nb4 Kc7 20. Rfe1 Re8
21. Rad1 Bg7 22. Qe4 Qf6 23. Rd3 Bh6 24. Rb3 Kd7 25. Na6 Rhf8 26. Rb7+ Kd6 27.
c5+ Ke6 28. Nc7+ 1-0

[Event "Amagermesterskabet Gruppe 2 2016"]
[Site "Sundbyoster"]
[Date "2016.08.30"]
[Round "2"]
[White "Lontoft, Sven"]
[Black "Moller, Arne Vagn"]
[Result "0-1"]
[WhiteElo "1724"]
[BlackElo "1815"]
[PlyCount "162"]
[EventDate "2016.??.??"]

1. e4 c5 2. Nf3 d6 3. Bb5+ Nc6 4. d4 cxd4 5. Nxd4 Bd7 6. O-O g6 7. Be3 Bg7 8.
Nc3 Nf6 9. f3 O-O 10. Qd2 a6 11. Bc4 Ne5 12. Bb3 b5 13. Qf2 Rc8 14. Nd5 Nxd5
15. Bxd5 Qc7 16. Rfd1 Nc4 17. Bxc4 Qxc4 18. c3 Rc7 19. Ne2 b4 20. Bd4 Bb5 21.
Bxg7 Kxg7 22. Nd4 bxc3 23. Rdc1 Qb4 24. Nxb5 axb5 25. Rab1 Rfc8 26. bxc3 Qa4
27. Qb2 Qc4 28. Qb3 Qe2 29. Rc2 Qe3+ 30. Kh1 Qd3 31. Qb2 Rc4 32. Rbc1 R8c5 33.
Rd2 Qe3 34. Re2 Qf4 35. Rd2 f6 36. Rd3 b4 37. g3 Qe5 38. Qe2 Rxc3 39. Rcxc3
Rxc3 40. Rd5 Rc1+ 41. Kg2 Qc3 42. Rd2 Qc5 43. Qf2 Kf7 44. f4 Rc3 45. Qd4 Rc2
46. Qd3 Rc3 47. Qd5+ Qxd5 48. exd5 Ra3 49. Kf2 b3 50. axb3 Rxb3 51. Ke2 g5 52.
fxg5 fxg5 53. Rc2 Kf6 54. g4 Rb5 55. Rd2 Ke5 56. Kf3 Rxd5 57. Re2+ Kf6 58. Ra2
Rc5 59. Ke3 Rc4 60. Kf3 d5 61. Ra6+ Ke5 62. Rh6 Rf4+ 63. Kg3 Rf7 64. Rh5 Rg7
65. h4 d4 66. Kf3 Rf7+ 67. Ke2 Ke4 68. Rxg5 e5 69. h5 Kf4 70. Rg8 e4 71. h6 Ra7
72. Rg7 Ra2+ 73. Kf1 Kf3 74. Rf7+ Kxg4 75. Rxh7 Kf3 76. Rf7+ Ke3 77. Kg1 d3 78.
h7 d2 79. Rd7 Ra8 80. Kf1 Rf8+ 81. Kg1 Ke2 0-1

[Event "Amagermesterskabet Gruppe 2 2016"]
[Site "Sundbyoster"]
[Date "2016.08.30"]
[Round "2"]
[White "May, Samuel Peter Heine"]
[Black "Andersen, Daniel"]
[Result "0-1"]
[WhiteElo "1759"]
[BlackElo "1760"]
[PlyCount "52"]
[EventDate "2016.??.??"]

1. d4 Nf6 2. Nf3 g6 3. e3 c5 4. c3 b6 5. Bd3 Bg7 6. O-O O-O 7. e4 d5 8. exd5
cxd4 9. c4 e6 10. dxe6 Bxe6 11. b3 Nc6 12. Bb2 Qd7 13. Nbd2 Rad8 14. Re1 h6 15.
a3 a5 16. Qc2 Rc8 17. Qd1 Rfd8 18. Rc1 Bf5 19. Qc2 Bxd3 20. Qxd3 Ne8 21. Red1
Nc7 22. Nf1 Ne6 23. Ba1 Qd6 24. Rc2 Qxa3 25. Bb2 Qb4 26. N1d2 Nf4 0-1

[Event "Amagermesterskabet Gruppe 2 2016"]
[Site "Sundbyoster"]
[Date "2016.08.30"]
[Round "2"]
[White "Nielsen, Angelo"]
[Black "Barington, Troels"]
[Result "1/2-1/2"]
[WhiteElo "1701"]
[BlackElo "1724"]
[PlyCount "137"]
[EventDate "2016.??.??"]

1. c4 Nf6 2. Nc3 g6 3. g3 Bg7 4. Bg2 O-O 5. d4 d6 6. Nf3 Nbd7 7. O-O e5 8. d5
Ne8 9. e4 a5 10. Be3 h6 11. Ne1 f5 12. exf5 gxf5 13. Nd3 Nef6 14. h3 b6 15. Qd2
Kh7 16. f4 e4 17. Ne1 h5 18. Qe2 Ba6 19. b3 Qe8 20. Rd1 Qg6 21. Kh2 Rh8 22. Rh1
Nc5 23. Bxc5 bxc5 24. Qf2 Kg8 25. Nc2 Ng4+ 26. hxg4 hxg4+ 27. Kg1 Bxc3 28.
Rxh8+ Kxh8 29. Qe3 Bf6 30. Kf2 Kg7 31. Qd2 Bc8 32. Rh1 a4 33. b4 cxb4 34. Qxb4
Ra6 35. c5 Qf7 36. Ne3 dxc5 37. Qxc5 Rb6 38. Nc4 Rb8 39. Rd1 Qd7 40. d6 Rb5 41.
Qxc7 Qxc7 42. dxc7 Rc5 43. Nd6 Rc2+ 44. Kg1 Ba6 45. Nxf5+ Kf7 46. Bxe4 Rxc7 47.
Nh6+ Ke7 48. Nf5+ Kf7 49. Nh6+ Ke7 50. Ng8+ Ke6 51. Nxf6 Be2 52. Re1 Bb5 53.
Nxg4 Rc3 54. Bc6+ Kd6 55. Bxb5 Rxg3+ 56. Kh2 Rxg4 57. Rf1 a3 58. f5 Rb4 59. Be8
Ke5 60. f6 Rh4+ 61. Kg3 Rh8 62. f7 Rf8 63. Rf3 Ke6 64. Rxa3 Ke7 65. Ra7+ Kd8
66. a4 Rh8 67. Bb5 Rf8 68. Ra8+ Ke7 69. Rxf8 1/2-1/2

[Event "Amagermesterskabet Gruppe 2 2016"]
[Site "Sundbyoster"]
[Date "2016.09.06"]
[Round "3"]
[White "Andersen, Daniel"]
[Black "Nielsen, Angelo"]
[Result "1-0"]
[WhiteElo "1760"]
[BlackElo "1701"]
[PlyCount "116"]
[EventDate "2016.??.??"]

1. d4 Nf6 2. c4 d6 3. Nc3 g6 4. e4 Bg7 5. Be3 O-O 6. f3 Nc6 7. Qd2 e5 8. Nge2
exd4 9. Nxd4 Ne5 10. O-O-O a6 11. f4 Neg4 12. Bg1 Re8 13. Bd3 c5 14. Nde2 Qa5
15. h3 b5 16. Kb1 b4 17. Nd5 Nxd5 18. exd5 Nf6 19. Ng3 Ra7 20. Be3 Rae7 21.
Rde1 h5 22. Bf2 h4 23. Ne2 Ne4 24. Bxe4 Rxe4 25. Bxh4 Bf5 26. Ka1 Re3 27. Nc1
Qa3 28. Bf2 R3e4 29. g4 Bd7 30. Nb3 Re2 31. Rxe2 Qxb2+ 32. Qxb2 Rxe2 33. Qxg7+
Kxg7 34. Bh4 f5 35. Re1 Rxe1+ 36. Bxe1 fxg4 37. hxg4 Bxg4 38. Bh4 Kf7 39. a3
Bd1 40. Kb2 Be2 41. Na5 bxa3+ 42. Kxa3 Ke8 43. Kb3 Bd1+ 44. Kc3 Kd7 45. Nb3 Bg4
46. Bf2 Bd1 47. Nd2 a5 48. Ne4 a4 49. Bxc5 dxc5 50. Nxc5+ Kd6 51. Kb4 a3 52.
Ne4+ Ke7 53. Kxa3 Bf3 54. Nc3 Kf6 55. Kb4 g5 56. fxg5+ Kxg5 57. Kc5 Kf6 58. Kd6
Kf7 1-0

[Event "Amagermesterskabet Gruppe 2 2016"]
[Site "Sundbyoster"]
[Date "2016.09.06"]
[Round "3"]
[White "Barington, Troels"]
[Black "Lontoft, Sven"]
[Result "0-1"]
[WhiteElo "1724"]
[BlackElo "1724"]
[PlyCount "46"]
[EventDate "2016.??.??"]

1. e4 d5 2. exd5 Qxd5 3. Nf3 Nf6 4. Be2 Bf5 5. O-O e6 6. c4 Qd8 7. d4 Be7 8.
Qa4+ c6 9. Nc3 O-O 10. Rd1 Nbd7 11. Nh4 Ne4 12. Nxf5 exf5 13. Nxe4 fxe4 14. Qc2
Nf6 15. Be3 Qc7 16. Rac1 Rad8 17. f3 Rfe8 18. fxe4 Nxe4 19. Qxe4 Bg5 20. Qg4
Bxe3+ 21. Kh1 Bxc1 22. Rxc1 Qe7 23. Bd3 Qe1+ 0-1

[Event "Amagermesterskabet Gruppe 2 2016"]
[Site "Sundbyoster"]
[Date "2016.09.06"]
[Round "3"]
[White "Moller, Arne Vagn"]
[Black "Bayhan, Erkan"]
[Result "0-1"]
[WhiteElo "1815"]
[BlackElo "1810"]
[PlyCount "133"]
[EventDate "2016.??.??"]

1. e4 e6 2. d4 d5 3. Nc3 dxe4 4. Nxe4 Nd7 5. Nf3 Be7 6. Bd3 Ngf6 7. Ng3 b6 8.
Qe2 Bb7 9. c3 O-O 10. O-O c5 11. dxc5 Nxc5 12. Bc2 Qc7 13. Nd4 Rfd8 14. Be3
Rac8 15. Rfd1 a6 16. Rac1 g6 17. Nb3 Na4 18. Bb1 Nd5 19. Bh6 Nf4 20. Bxf4 Qxf4
21. Rxd8+ Rxd8 22. Re1 Nc5 23. Nd4 Bf6 24. Qe3 Qd6 25. h3 Bxd4 26. cxd4 Qxd4
27. Qh6 Qd5 28. Ne4 Qe5 29. Qh4 Qd4 30. Nf6+ Kg7 31. Ne8+ Kf8 32. Qxd4 Rxd4 33.
Nf6 Kg7 34. Ng4 Rd2 35. b3 Bd5 36. Ne3 a5 37. Nxd5 Rxd5 38. Kf1 Rd2 39. Re2
Rd1+ 40. Re1 Rxe1+ 41. Kxe1 Kf6 42. Bc2 h6 43. Kd2 Ke5 44. Kc3 Kd5 45. a3 e5
46. b4 axb4+ 47. Kxb4 Kc6 48. a4 g5 49. Kc4 Ne6 50. Be4+ Kd6 51. Kb5 Kc7 52.
Kc4 Nc5 53. Bc2 Kc6 54. Bd1 f5 55. Bh5 Nb7 56. Bd1 Kd6 57. Kb5 Kc7 58. Bh5 Nd6+
59. Kb4 Kc6 60. Bf3+ e4 61. Be2 Kd5 62. Bb5 f4 63. Be2 e3 64. fxe3 fxe3 65. Kb3
Ne4 66. Kc2 Ng3 67. Bf3+ 0-1

[Event "Amagermesterskabet Gruppe 2 2016"]
[Site "Sundbyoster"]
[Date "2016.09.06"]
[Round "3"]
[White "Savery, Emil"]
[Black "May, Samuel Peter Heine"]
[Result "1/2-1/2"]
[WhiteElo "1700"]
[BlackElo "1759"]
[PlyCount "64"]
[EventDate "2016.??.??"]

1. e4 g6 2. d4 Bg7 3. f4 d5 4. e5 Nh6 5. Bd3 c5 6. c3 cxd4 7. cxd4 Nc6 8. Nf3
Qb6 9. Nc3 Bg4 10. Nxd5 Qa5+ 11. Nc3 Nxd4 12. Be4 Nc6 13. Qb3 Bxf3 14. Qxb7 O-O
15. Bxf3 Nd4 16. O-O Qc5 17. Kh1 Nhf5 18. g4 Nh4 19. Be3 Rab8 20. Qe4 Rfd8 21.
a3 f5 22. exf6 Bxf6 23. Nd5 Rxb2 24. Nxf6+ exf6 25. Rad1 Nhxf3 26. Rxf3 Rxh2+
27. Kxh2 Nxf3+ 28. Qxf3 Qc2+ 29. Rd2 Rxd2+ 30. Bxd2 Qxd2+ 31. Kh3 Qd4 32. Kg3
Kg7 1/2-1/2

[Event "Amagermesterskabet Gruppe 2 2016"]
[Site "Sundbyoster"]
[Date "2016.09.13"]
[Round "4"]
[White "Bayhan, Erkan"]
[Black "Barington, Troels"]
[Result "1-0"]
[WhiteElo "1810"]
[BlackElo "1724"]
[PlyCount "79"]
[EventDate "2016.??.??"]

1. Nf3 Nf6 2. c4 g6 3. Nc3 Bg7 4. g3 d6 5. Bg2 O-O 6. O-O h6 7. d4 Nbd7 8. e4
e5 9. h3 exd4 10. Nxd4 Re8 11. Be3 Ne5 12. Qe2 Bd7 13. Nd5 a6 14. f4 Nc6 15.
Qd3 Nxd5 16. cxd5 Nxd4 17. Bxd4 Bb5 18. Qc3 Bxd4+ 19. Qxd4 Bxf1 20. Rxf1 Qe7
21. Re1 Rac8 22. e5 dxe5 23. fxe5 c5 24. Qe3 Rcd8 25. Qxh6 c4 26. Kh2 Qb4 27.
Re2 Qf8 28. Qg5 Qg7 29. Qf4 b5 30. Re3 Re7 31. d6 Red7 32. Bc6 Ra7 33. Qd4 Rad7
34. Bxd7 Rxd7 35. Qc5 Qf8 36. Qc6 Ra7 37. Qd5 Qe8 38. e6 fxe6 39. Rxe6 Qd8 40.
Re8+ 1-0

[Event "Amagermesterskabet Gruppe 2 2016"]
[Site "Sundbyoster"]
[Date "2016.09.13"]
[Round "4"]
[White "May, Samuel Peter Heine"]
[Black "Moller, Arne Vagn"]
[Result "1/2-1/2"]
[WhiteElo "1759"]
[BlackElo "1815"]
[PlyCount "35"]
[EventDate "2016.??.??"]

1. d4 Nf6 2. Nf3 e6 3. Bf4 d6 4. e3 Be7 5. Bd3 Nbd7 6. Nbd2 h6 7. h3 b6 8. c3
Bb7 9. O-O e5 10. dxe5 dxe5 11. Bxe5 Nxe5 12. Nxe5 Qd5 13. Qf3 Qxe5 14. Qxb7
O-O 15. Nc4 Qe6 16. Qxc7 Rfd8 17. Rfd1 b5 18. Na5 1/2-1/2

[Event "Amagermesterskabet Gruppe 2 2016"]
[Site "Sundbyoster"]
[Date "2016.09.13"]
[Round "4"]
[White "Nielsen, Angelo"]
[Black "Lontoft, Sven"]
[Result "0-1"]
[WhiteElo "1701"]
[BlackElo "1724"]
[PlyCount "66"]
[EventDate "2016.??.??"]

1. d4 Nf6 2. Bf4 g6 3. e3 Bg7 4. h4 d6 5. Be2 Nbd7 6. g4 Nd5 7. Bg3 N5b6 8. a4
a5 9. Nh3 e5 10. g5 exd4 11. exd4 Qe7 12. O-O O-O 13. c3 Nd5 14. Bf3 N7b6 15.
Kh2 Qd7 16. Ng1 Qf5 17. Nd2 Re8 18. Re1 Rxe1 19. Qxe1 Bd7 20. Be4 Qe6 21. Bg2
Nxa4 22. Qxe6 fxe6 23. Bh3 Nxb2 24. Rb1 Na4 25. Rxb7 Naxc3 26. Ngf3 a4 27. Nc4
Bc8 28. Nxd6 cxd6 29. Bxd6 Bxb7 30. Bxe6+ Kh8 31. Ne5 Rf8 32. Bxf8 Bxf8 33. Kg3
Bd6 0-1

[Event "Amagermesterskabet Gruppe 2 2016"]
[Site "Sundbyoster"]
[Date "2016.09.27"]
[Round "5"]
[White "Moller, Arne Vagn"]
[Black "Andersen, Daniel"]
[Result "1-0"]
[WhiteElo "1815"]
[BlackElo "1760"]
[PlyCount "79"]
[EventDate "2016.??.??"]

1. e4 Nf6 2. e5 Nd5 3. d4 Nb6 4. Nf3 d5 5. exd6 cxd6 6. Be2 g6 7. O-O Bg7 8. c3
d5 9. a4 a5 10. Na3 Bd7 11. Nb5 Bxb5 12. Bxb5+ Nc6 13. Qe2 O-O 14. Re1 e6 15.
b3 Nc8 16. Ba3 Nd6 17. Bxc6 bxc6 18. Ne5 Qc7 19. f3 Rfd8 20. Qc2 Nb7 21. Nd3
Bf8 22. Bxf8 Kxf8 23. Qd2 c5 24. Qh6+ Kg8 25. Ne5 cxd4 26. Ng4 Qe7 27. cxd4 Nd6
28. Rac1 Rdc8 29. Qf4 h5 30. Nf6+ Kg7 31. Nxd5 Rxc1 32. Nxe7 Rxe1+ 33. Kf2 Rb1
34. Qxd6 Rxb3 35. Qe5+ Kh7 36. Qf6 Rf8 37. Nxg6 Rg8 38. Qxf7+ Rg7 39. Nf8+ Kh8
40. Qxh5+ 1-0

[Event "Amagermesterskabet Gruppe 2 2016"]
[Site "Sundbyoster"]
[Date "2016.09.27"]
[Round "5"]
[White "Savery, Emil"]
[Black "Nielsen, Angelo"]
[Result "0-1"]
[WhiteElo "1700"]
[BlackElo "1701"]
[PlyCount "46"]
[EventDate "2016.??.??"]

1. e4 d6 2. d4 Nf6 3. Nc3 g6 4. f4 Bg7 5. Bc4 O-O 6. h3 c5 7. Nf3 b5 8. Bxb5
Qa5 9. Bd2 Nxe4 10. Nxe4 Qxb5 11. Bc3 Bb7 12. Ned2 Ba6 13. Ne4 Nd7 14. Qd2 Nf6
15. Nfg5 Nd5 16. a4 Qc6 17. dxc5 Nxc3 18. Nxc3 Qxc5 19. Nce4 Qc6 20. Nf2 Bxb2
21. Ra3 Bxa3 22. Qd4 Qxc2 23. Qe3 Bb4+ 0-1

[Event "Amagermesterskabet Gruppe 2 2016"]
[Site "Sundbyoster"]
[Date "2016.10.04"]
[Round "6"]
[White "May, Samuel Peter Heine"]
[Black "Lontoft, Sven"]
[Result "1/2-1/2"]
[WhiteElo "1759"]
[BlackElo "1724"]
[PlyCount "39"]
[EventDate "2016.??.??"]

1. d4 Nf6 2. Nf3 g6 3. g3 Bg7 4. Bg2 d5 5. O-O O-O 6. Re1 Nbd7 7. Nbd2 Nb6 8.
Ne5 Bf5 9. c3 Ng4 10. Nxg4 Bxg4 11. h3 Bd7 12. e4 dxe4 13. Nxe4 Bc6 14. Nc5
Bxg2 15. Kxg2 Qd5+ 16. Qf3 Qxf3+ 17. Kxf3 Rfe8 18. Bf4 Nd5 19. Rad1 Nxf4 20.
Kxf4 1/2-1/2

[Event "Amagermesterskabet Gruppe 2 2016"]
[Site "Sundbyoster"]
[Date "2016.10.04"]
[Round "6"]
[White "Nielsen, Angelo"]
[Black "Bayhan, Erkan"]
[Result "1-0"]
[WhiteElo "1701"]
[BlackElo "1810"]
[PlyCount "147"]
[EventDate "2016.??.??"]

1. d4 Nf6 2. Bf4 c5 3. e3 g6 4. Nf3 Bg7 5. Be2 O-O 6. h3 cxd4 7. exd4 Nc6 8. c3
Qb6 9. Qb3 Qxb3 10. axb3 d6 11. Bh2 Bf5 12. Nbd2 a6 13. O-O Rfe8 14. g4 Bd7 15.
Nc4 Nd5 16. Rfe1 Bh6 17. Bf1 Be6 18. b4 Rad8 19. Na5 Nxa5 20. Rxa5 Nb6 21. g5
Bg7 22. Nd2 Rc8 23. Bg2 d5 24. b5 axb5 25. Rxb5 Rc6 26. Ra1 f6 27. h4 Rd8 28.
Ra7 Rd7 29. Nb3 Nc4 30. Nc5 Nd6 31. Rb4 Rxc5 32. dxc5 Ne4 33. Rbxb7 Nxc5 34.
Rxd7 Nxd7 35. Bxd5 Bxd5 36. Rxd7 e6 37. f4 Bb3 38. Kf2 h6 39. Ke3 hxg5 40. fxg5
f5 41. Rxg7+ Kxg7 42. Be5+ Kf7 43. Kd4 Ke7 44. c4 Kd7 45. Kc3 Bd1 46. b4 Be2
47. Kd4 Kc6 48. b5+ Kb6 49. Bd6 Kb7 50. Kc5 Bd3 51. Kb4 Kb6 52. c5+ Kb7 53. c6+
Kb6 54. c7 Kb7 55. Kc5 Be4 56. Be5 Bd3 57. b6 Be4 58. Kd6 Kc8 59. Kxe6 f4 60.
Bxf4 Kb7 61. Kf6 Bd3 62. h5 gxh5 63. g6 h4 64. g7 Bc4 65. Ke7 h3 66. Kf8 Be6
67. c8=Q+ Bxc8 68. g8=Q h2 69. Bxh2 Ka8 70. b7+ Bxb7 71. Ke7+ Ka7 72. Qa2+ Ba6
73. Bg1+ Ka8 74. Qxa6+ 1-0

[Event "Amagermesterskabet Gruppe 2 2016"]
[Site "Sundbyoster"]
[Date "2016.10.04"]
[Round "6"]
[White "Savery, Emil"]
[Black "Moller, Arne Vagn"]
[Result "1-0"]
[WhiteElo "1700"]
[BlackElo "1815"]
[PlyCount "57"]
[EventDate "2016.??.??"]

1. e4 c5 2. Nf3 d6 3. d4 cxd4 4. Nxd4 Nf6 5. Nc3 a6 6. Be3 e6 7. f3 Be7 8. Qd2
O-O 9. O-O-O Qc7 10. g4 b5 11. h4 Bb7 12. h5 Nc6 13. g5 Nd7 14. g6 Nxd4 15.
gxh7+ Kxh7 16. Bxd4 e5 17. Be3 b4 18. Ne2 Nc5 19. Kb1 d5 20. Bh3 d4 21. Bf5+
Kh8 22. Bh6 Qd6 23. Bxg7+ Kxg7 24. Rdg1+ Kh8 25. Bg6 Kg7 26. Bf5+ Kh8 27. Rg6
fxg6 28. Qh6+ Kg8 29. hxg6 1-0